| 000 | 01136nam0a22002771 4500 | ||
|---|---|---|---|
| 001 | rc\4032829 | ||
| 005 | 20250611063436.0 | ||
| 021 |
_aRU _b[50-14757] |
||
| 035 | _a(NLR Aleph) 008093465 | ||
| 090 |
_a9198494 _c9198494 |
||
| 100 | _a20130415d1950 |||y0rusy50 ca | ||
| 101 | 0 | _arus | |
| 102 | _aRU | ||
| 105 | _aa j ||||| | ||
| 200 | 1 |
_aКурортные богатства нашей Родины _eСтенограмма публичной лекции, прочит. в Центр. лектории О-ва в Москве _fВсесоюз. о-во по распространению полит. и науч. знаний |
|
| 210 |
_aМосква _c[Правда] _d1950 _gтип. им. Сталина |
||
| 215 |
_a32 с. _cил. _d22 |
||
| 300 | _aПеред загл. авт.: канд. мед. наук С.В. Курашов | ||
| 320 | _aБиблиогр.: с. 32 | ||
| 607 |
_aКурорты СССР _2psbo |
||
| 700 | 1 |
_aКурашов _bС.В. _f1910-1965 _gСергей Владимирович |
|
| 801 | 0 |
_aRU _bNLR _gpsbo |
|
| 801 | 1 |
_aRU _bELAR _2rusmarc |
|
| 852 |
_aNLR _jМд20 Г-6/53 |
||
| 942 | _cBOOK | ||
| 980 | _aNB | ||